| 000 | 01033cam a2200157 4500500 | ||
|---|---|---|---|
| 005 | 20260329022249.0 | ||
| 041 | _afre | ||
| 042 | _adc | ||
| 100 | 1 | 0 |
_aTochon-Danguy, Baptiste _eauthor |
| 245 | 0 | 0 | _aRepresenting the Intelligible: Imagination, Memory and Intellect in Marsilio Ficino and Giulio Camillo |
| 260 | _c2026. | ||
| 500 | _a5 | ||
| 520 | _aTo question the relationship between imagination, memory, and intellect in Renaissance philosophy, we focus on several claims defended by Marsilio Ficino and Giulio Camillo. Three figures in particular – the artist, the Platonic lover, and the geometer – provide opportunities to reflect on the role played by imagination and memory within the mind, conceived as an inner artist working on his own spiritual matter. | ||
| 786 | 0 | _nRevue philosophique de la France et de l’étranger | 151 | 1 | 2026-02-10 | p. 31-49 | 0035-3833 | |
| 856 | 4 | 1 | _uhttps://shs.cairn.info/journal-revue-philosophique-de-la-france-et-de-letranger-2026-1-page-31?lang=en&redirect-ssocas=7080 |
| 999 |
_c1918790 _d1918790 |
||